000 00592cam a2200205 a 4500
001 000042297
005 20201002040049.0
008 010605s1984 sp b 000 f spa
040 _aDO-SdBNP
_bspa
_cBNPHU
082 _a863.3
_bP438m,
100 1 _aPérez Galdós, Benito,
_d1843-1920.
_93681
245 1 0 _aMarianela /
_cBenito Pérez Galdós.
260 _aMadrid :.
300 _a185 p. ;
_c18 cm.
490 1 _aLos clásicos
650 4 _aNovela española
_91123
650 4 _aLiteratura española
_9632
830 0 _aLos clásicos
_943697
910 _aValidado. Control de calidad MFF
999 _c41786
_d41786